LEADER 03522nam 2200673 450 001 9910807003603321 005 20230125182256.0 010 $a1-63157-378-0 035 $a(CKB)3710000000726059 035 $a(BEP)4533271 035 $a(OCoLC)951625267 035 $a(CaBNVSL)swl00406596 035 $a(Au-PeEL)EBL4533271 035 $a(CaPaEBR)ebr11214712 035 $a(CaONFJC)MIL926768 035 $a(OCoLC)951076457 035 $a(CaSebORM)9781631573781 035 $a(MiAaPQ)EBC4533271 035 $a(EXLCZ)993710000000726059 100 $a20160612d2016 fy 0 101 0 $aeng 135 $aurcnu|||||||| 181 $2rdacontent 182 $2rdamedia 183 $2rdacarrier 200 10$aCommunication for consultants /$fRita R. Owens 205 $aFirst edition. 210 1$aNew York, New York (222 East 46th Street, New York, NY 10017) :$cBusiness Expert Press,$d2016. 215 $a1 online resource (xix, 119 pages) 225 1 $aCorporate communication collection,$x2156-8170 311 $a1-63157-377-2 320 $aIncludes bibliographical references (page [115]) and index. 327 $a1. Key considerations for consultants -- 2. Pre-engagement communication -- 3. Engagement communication -- 4. Post-engagement communication -- Appendix A -- Appendix B -- Notes -- References -- Index. 330 3 $aFrom the moment of their first client engagement, consultants in all fields face communication opportunities and challenges. No matter what their focus may be--professional services, accounting, technology, operations, human resources, manufacturing, or marketing--consultants drive change. That change, from its initial definition through its development and deployment, must be precisely communicated to a variety of audiences and through a variety of mediums. Most business communication books do a good job leading professional writers and presenters through the basics of audience, organization, formatting, and mechanics. But, only few focus on a specific business role, such as that of a consultant, and give guidance for communicating during all stages of a project. From the pre-engagement process, to the actual engagement, to the post-engagement follow-up, consultants are challenged by the variety of audiences whose roles continually shift throughout a project. This book guides a current or would-be consultant through the various phases of a typical engagement and gives practical advice and direction on written and oral communication throughout a project. Current and future consultants in all fields will gain specific knowledge about writing and presenting to a variety of audiences including clients, team members, managers, and executives. 410 0$aCorporate communication collection.$x2156-8170 606 $aBusiness communication 606 $aBusiness consultants 610 $abusiness communication 610 $abusiness correspondence 610 $abusiness etiquette 610 $abusiness writing 610 $aconsulting 610 $ae-mails 610 $aengagements 610 $ameetings 610 $apresentations 610 $aproposals 610 $areports 615 0$aBusiness communication. 615 0$aBusiness consultants. 676 $a658.45 700 $aOwens$b Rita R.$01698492 801 0$bMiAaPQ 801 1$bMiAaPQ 801 2$bMiAaPQ 906 $aBOOK 912 $a9910807003603321 996 $aCommunication for consultants$94080006 997 $aUNINA LEADER 02089nam 2200445 450 001 9910809050103321 005 20200520144314.0 010 $a1-78906-044-3 035 $a(CKB)4100000007596390 035 $a(MiAaPQ)EBC5731402 035 $a(Au-PeEL)EBL5731402 035 $a(OCoLC)1089668353 035 $a(BIP)066700116 035 $a(EXLCZ)994100000007596390 100 $a20190411d2018 uy 0 101 0 $aeng 135 $aurcnu|||||||| 181 $ctxt$2rdacontent 182 $cc$2rdamedia 183 $acr$2rdacarrier 200 00$aHuman acceleration of the nitrogen cycle $emanaging risks and uncertainty 210 1$aParis :$cOECD,$d[2018] 210 4$d2018 215 $a1 online resource (176 pages) 311 $a1-78906-043-5 330 8 $aThis publication examines the risks associated with the release of excessive nitrogen into the environment (climate change, depletion of the ozone layer, air pollution, water pollution, loss of biodiversity, deterioration of soil quality). The report also examines the uncertainty associated with the ability of nitrogen to move from one ecosystem to another and cause "cascading effects". In addition to better management of nitrogen risks at the local level, there is a need to consider the global risks associated with the continued increase in nitrous oxide concentrations and to prevent excess nitrogen in all its forms by developing cost-effective strategies for all its sources. Other than the reduction of nitrogen pollution, this report provides guidance on the use of nitrogen policy instruments and how to ensure coherence with objectives such as food security, energy security and environmental objectives. 606 $aNitrogen cycle 606 $aNitrogen 610 $aNitrogen Cycle 610 $aScience 615 0$aNitrogen cycle. 615 0$aNitrogen. 676 $a577.145 801 0$bMiAaPQ 801 1$bMiAaPQ 801 2$bMiAaPQ 906 $aBOOK 912 $a9910809050103321 996 $aHuman acceleration of the nitrogen cycle$94075060 997 $aUNINA LEADER 03058nam 2200637Ia 450 001 9911020434003321 005 20200520144314.0 010 $a9786613025760 010 $a9781118002063 010 $a1118002067 010 $a9781283025768 010 $a1283025760 010 $a9780470946428 010 $a0470946423 010 $a9780470946411 010 $a0470946415 035 $a(CKB)2560000000060921 035 $a(EBL)661565 035 $a(OCoLC)705354486 035 $a(SSID)ssj0000482383 035 $a(PQKBManifestationID)11323401 035 $a(PQKBTitleCode)TC0000482383 035 $a(PQKBWorkID)10525342 035 $a(PQKB)11124444 035 $a(MiAaPQ)EBC661565 035 $a(Perlego)1010609 035 $a(EXLCZ)992560000000060921 100 $a20100824d2011 uy 0 101 0 $aeng 135 $aur|n|---||||| 181 $ctxt 182 $cc 183 $acr 200 10$aStatistics for compensation $ea practical guide to compensation analysis /$fJohn H. Davis 210 $aHoboken, NJ $cWiley$dc2011 215 $a1 online resource (455 p.) 300 $aDescription based upon print version of record. 311 08$a9780470943342 311 08$a0470943343 320 $aIncludes bibliographical references and index. 327 $aStatistics for Compensation: A Practical Guide to Compensation Analysis; Contents; Preface; 1 Introduction; 2 Basic Notions; 3 Frequency Distributions and Histograms; 4 Measures of Location; 5 Measures of Variability; 6 Model Building; 7 Linear Model; 8 Exponential Model; 9 Maturity Curve Model; 10 Power Model; 11 Market Models and Salary Survey Analysis; 12 Integrated Market Model: Linear; 13 Integrated Market Model: Exponential; 14 Integrated Market Model: Maturity Curve; 15 Job Pricing Market Model: Group of Jobs; 16 Job Pricing Market Model: Power Model; 17 Multiple Linear Regression 327 $aAppendixGlossary; References; Answers to Practice Problems; Index 330 $aAn insightful, hands-on focus on the statistical methods used by compensation and human resources professionals in their everyday work Across various industries, compensation professionals work to organize and analyze aspects of employment that deal with elements of pay, such as deciding base salary, bonus, and commission provided by an employer to its employees for work performed. Acknowledging the numerous quantitative analyses of data that are a part of this everyday work, Statistics for Compensation provides a comprehensive guide to the key statistical tools and techniques nee 606 $aCompensation management$xStatistical methods 606 $aExecutives$xSalaries, etc 615 0$aCompensation management$xStatistical methods. 615 0$aExecutives$xSalaries, etc. 676 $a658.3/2015195 700 $aDavis$b John H.$cPh.D.$0204476 801 0$bMiAaPQ 801 1$bMiAaPQ 801 2$bMiAaPQ 906 $aBOOK 912 $a9911020434003321 996 $aStatistics for compensation$94421636 997 $aUNINA